|
|
|
|
| LEADER |
00000nam a22000007a 4500 |
| 005 |
20210430205917.0 |
| 007 |
cr|||| |||| |
| 008 |
210430s2014 co |||||s|||| 00||0 spa d |
| 020 |
|
|
|a 978-958-665-273-5
|
| 035 |
|
|
|a 33205
|
| 040 |
|
|
|a vLex
|
| 090 |
|
|
|c 11573
|d 11573
|
| 100 |
1 |
|
|a de Sousa Santos, Boaventura
|
| 245 |
1 |
0 |
|a Democracia al borde del caos
|h [Recurso electrn̤ico] :
|b Ensayo contra la autoflagelacin̤ /
|c Boaventura de Sousa Santos
|
| 256 |
|
|
|a Servicio en ln̕ea
|
| 260 |
|
|
|a Bogot:̀
|b Siglo del Hombre Editores,
|c 2014
|
| 300 |
|
|
|a 1 recurso electrn̤ico
|
| 500 |
|
|
|a La autoflagelacin̤ es la mala conciencia de la pasividad, y no es fc̀il superarla en un contexto en el que la pasividad es impuesta. Sin embargo, el reconocimiento pleno de la fuerza avasalladora de las circunstancias no puede paralizar la lucha por la bs︢queda de alternativas dignas. Se pretende mostrar, a lo largo del libro, que ese imaginario de Europa corresponde cada vez menos a la realidad; que los partidarios de gobierno nacional -de derecha y de izquierda- y las instancias de gobierno europeo se dejaron capturar por la voracidad del neoliberalismo y de su arma de destruccin̤ masiva, el capital financiero, la forma de capital ms̀ hostil a la voluntad democrt̀ica.
|
| 506 |
1 |
|
|a Disponible solo en los productos indicados
|d vLex Global
|d vLex Global (Academic Edition, excluding Law Schools)
|d vLex Global (U.S. Academic Edition, Law Schools)
|d vLex Global (U.S. Academic Edition, excluding Law Schools)
|d vLex Global (Academic Edition, Law Schools)
|
| 650 |
0 |
4 |
|a Ciencias sociales
|z Colombia
|
| 650 |
0 |
4 |
|a Humanidades
|z Colombia
|
| 740 |
0 |
|
|a vLex Libros (Servicio en ln̕ea)
|
| 856 |
4 |
0 |
|u https://vlex.com/source/democracia-al-borde-del-caos-ensayo-contra-la-autoflagelacion-33205
|z Acceso restringido
|
| 942 |
|
|
|c BOOK
|
| 999 |
0 |
|
|a Social Sciences
|
| 999 |
0 |
|
|a Humanities
|